000 00483nam a2200181Ia 4500
005 20260429112230.0
008 260429s9999||||xx |||||||||||||| ||und||
020 _a9789362248350
041 _aEnglish
082 _a006.76
_bSIN
100 _aSingh, Chanchal
245 0 _aWeb programming /
_cChanchal Singh
260 _aNew Delhi :
_bDiscovery Publishing House,
_c2025.
300 _avi, 253 p.; hb
650 _a Web programming
650 _aComputer science
942 _cTB
999 _c53022
_d53022